• 首页
  • 本馆介绍
  • 公告通知
  • 最新文献
  • 馆藏检索
  • 电子资源
  • 读者导购
  • 参考咨询
  • 我的图书馆
  • 登录
  • 详细信息显示
  • 放入我的书架
  • 预约/预借图书
  • 作者相关作品
  • 分类相关作品
  • 丛书相关作品
  • 出版社相关作品

书目信息

  • 表格格式
  • 工作单格式
  • 卡片格式
题名:
有如青杏般的滋味
    
 
作者: 萧红, 著
分册:  
出版信息: 扬州   广陵书社  2020.03
页数: 155页
开本: 21cm
丛书名: 回望萧红
单 册:
中图分类: I226 , I230
科图分类:
主题词: 诗集--shi ji--中国--现代 , 剧本--ju ben--作品集--中国--现代
电子资源:
ISBN: 978-7-5554-1349-3
000 00954nam 2200289 450
001 CAL 0120203006538
005 20230217093112.0
010    @a978-7-5554-1349-3@b精装@dCNY32.00
100    @a20200630d2020 em y0chiy0120 ea
101 0  @achi
102    @aCN@b320000
105    @ay z 000zy
106    @ar
200 1  @a有如青杏般的滋味@Ayou ru qing xing ban de zi wei@e萧红诗歌戏剧选@f萧红
210    @a扬州@c广陵书社@d2020.03
215    @a155页@d21cm
225 2  @a回望萧红@Ahui wang xiao hong
330    @a本书收录的作品主要包括: 可纪念的枫叶、偶然想起、静、栽花、公园、春曲、幻觉、八月天、苦杯、异国等。
410  0 @12001 @a回望萧红
517 1  @a萧红诗歌戏剧选@Axiao hong shi ge xi ju xuan
606 0  @a诗集@Ashi ji@y中国@z现代
606 0  @a剧本@Aju ben@x作品集@y中国@z现代
690    @aI226@v5
690    @aI230@v5
701  0 @a萧红,@Axiao hong@f1911-1942@4著
801  0 @aCN@bBJXHZP@c20230228
905    @b1382927-30@dI226@e126@f4
    
    有如青杏般的滋味:萧红诗歌戏剧选/萧红.-扬州:广陵书社,2020.03
    155页;21cm.-(回望萧红)
    
    
    ISBN 978-7-5554-1349-3(精装):CNY32.00
    本书收录的作品主要包括: 可纪念的枫叶、偶然想起、静、栽花、公园、春曲、幻觉、八月天、苦杯、异国等。
●
相关链接 在E读中查询图书 在五车中查询图书 在当当中查询图书 在豆瓣中查询图书


正题名:有如青杏般的滋味     索取号:I226/126         预约/预借

序号 登录号 条形码 馆藏地/架位号 状态 备注
1 1382927   213829277   第一样本阅览室/ [索取号:I226/126] 在馆    
2 1382928   213829286   第二借阅区/ [索取号:I226/126] 在馆    
3 1382929   213829295   第二借阅区/ [索取号:I226/126] 在馆    
4 1382930   213829302   第二借阅区/ [索取号:I226/126] 在馆    
唐山师范学院图书馆 欢迎您!
大连网信软件有限公司© 版权所有